MDQL
is popping MORE tags! Check the
thread
!
Quizzes
Events
Quiz Creation
Community
Videos
Private Events
Remove Ads
Sign In
Join for FREE
Feedback
Dark Mode
Quiz Categories
Sports
Geography
Music
Movies
Television
Just For Fun
Miscellaneous
History
Literature
Language
Science
Gaming
Entertainment
Religion
Holiday
For Kids
Quiz Lab
Recent
Popular Today
Quiz Kudos Today
Editor Picks
Curator Picks
Quizzes by...
Day
Popularity
Type
Ratings
Length
Year
Community
Subscriptions
Recent Discussions
Orange Saloon
Badges
Playlists
Quests
Create
Leaderboards
Showdown
Live 5
Trivia Bingo
Activity
Puzzle Library
Sporcle Events
Private Events
Virtual Trivia
Globe League
Become a Host
Pub Owners
SporcleCon
Opinionation
Our Games
Videos
Blog
Mobile Apps
Partnerships
Remove Ads and Go Orange
Feedback
Sports
Athletes
MLB
NBA
NHL
NFL
Soccer
Sports Teams
WWE
NCAA
Football
Premier League
Basketball
Baseball
Hockey
Golf
Tennis
Cricket
Rugby
Auto Racing
Olympics
World Cup
Sports
Athletes
MLB
NBA
NHL
NFL
Soccer
Sports Teams
WWE
NCAA
Football
Premier League
Basketball
Baseball
Hockey
Golf
Tennis
Cricket
Rugby
Auto Racing
Olympics
World Cup
Random Quiz
Search Sporcle
×
Quiz Lab
Quiz Lab
Sports
MLB
Type in answers that appear in a list
Type in answers that appear in a list
Classic
Best Score? Go Orange.
MLB 2017 And Total Contracts Stats
According to Spotrac, can you name the highest paid pitcher and positional player for each team by their 2017 contract and their total contract?
By
jsnellerwm
12m
120 Questions
710 Plays
710 Plays
710 Plays
Comments
Comments
Give Quiz Kudos
Give Quiz Kudos
-
- Ratings
hide this ad
Replay
Link that replays current quiz
Next Quiz
Link to next quiz in quiz playlist
You Got
0%
They Got
Avg Score
65%
Avg Friend Score
Upgrade to see
Score Distribution
Jump to the score distribution portion of the page
Score
0/120
Timer
12:00
0
Plays Today
Category:
Player(s):
% Correct
Pitcher Salary (2017):
Clayton Kershaw (35.6)
99.2%
Pitcher Salary (total):
Clayton Kershaw (215.0)
99.2%
Pitcher Salary (2017):
Max Scherzer (22.1)
96.5%
Pitcher Salary (total):
Max Scherzer (210.0)
96.5%
Pitcher Salary (2017):
Zack Greinke (34.0)
95.8%
Pitcher Salary (total):
Zack Greinke (206.5)
95.8%
Pitcher Salary (2017):
Felix Hernandez (26.9.0)
95.3%
Pitcher Salary (total):
Felix Hernandez (175.0)
95.3%
Pitcher Salary (2017):
Justin Verlander (28.0)
95.2%
Pitcher Salary (total):
Justin Verlander (162.0)
95.2%
Pitcher Salary (2017):
David Price (30.0)
94.9%
Pitcher Salary (total):
David Price (217.0)
94.9%
Pitcher Salary (2017):
Jon Lester (25.0)
93.8%
Pitcher Salary (total):
Jon Lester (155.0)
93.8%
Batter Salary (2017):
Miguel Cabrera (28.0)
93.4%
Batter Salary (total):
Miguel Cabrera (248.0)
93.4%
Pitcher Salary (2017):
CC Sabathia (25.0)
93.1%
Pitcher Salary (total):
CC Sabathia (161.0)
93.1%
Batter Salary (2017):
Giancarlo Stanton (14.5)
92.4%
Batter Salary (total):
Giancarlo Stanton (325.0)
92.4%
Batter Salary (2017):
Albert Pujols (26.0)
91.7%
Batter Salary (total):
Albert Pujols (240.0)
91.7%
Batter Salary (2017):
Joey Votto (22.0)
90.3%
Batter Salary (total):
Joey Votto (225.0)
90.3%
Batter Salary (2017):
Robinson Cano (24.0)
90%
Batter Salary (total):
Robinson Cano (240.0)
90%
Batter Salary (2017):
Joe Mauer (23.0)
88.3%
Batter Salary (total):
Joe Mauer (184.0)
88.3%
Batter Salary (2017):
Jason Heyward (28.2)
86.9%
Batter Salary (total):
Jason Heyward (184.0)
86.9%
Batter Salary (2017):
Chris Davis (21.1)
86.6%
Batter Salary (total):
Chris Davis (161.0)
86.6%
Pitcher Salary (2017):
Johnny Cueto (23.5)
85.8%
Pitcher Salary (total):
Johnny Cueto (130.0)
85.8%
Pitcher Salary (2017):
Adam Wainwright (19.5)
85.3%
Pitcher Salary (total):
Adam Wainwright (97.5)
85.3%
Batter Salary (2017):
Buster Posey (22.2)
84.5%
Batter Salary (total):
Buster Posey (159.0)
84.5%
Batter Salary (2017):
Adrian Gonzalez (22.4)
83.5%
Batter Salary (2017):
Carlos Gonzalez (20.4)
83.5%
Category:
Player(s):
% Correct
Batter Salary (total):
Adrian Gonzalez (154.0)
83.5%
Batter Salary (total):
Carlos Gonzalez (80.0)
83.5%
Pitcher Salary (2017):
Cole Hamels (22.5)
82.4%
Pitcher Salary (total):
Cole Hamels (144.0)
82.4%
Batter Salary (2017):
Ryan Braun (20.0)
77.9%
Batter Salary (total):
Ryan Braun (105.0)
77.9%
Batter Salary (2017):
Yoenis Cespedes (22.5)
77.3%
Batter Salary (2017):
Evan Longoria (13.2)
75.9%
Batter Salary (total):
Evan Longoria (100.0)
75.9%
Batter Salary (2017):
Jose Abreu (10.8)
75.6%
Batter Salary (2017):
Andrew McCutchen (14.2)
73.8%
Batter Salary (total):
Andrew McCutchen (51.5)
73.8%
Batter Salary (total):
David Wright (138.0)
72.6%
Batter Salary (total):
Dustin Pedroia (110.0)
71.8%
Batter Salary (2017):
Hanley Ramirez (22.8)
71.5%
Batter Salary (2017):
Edwin Encarnacion (14.7)
71.5%
Batter Salary (total):
Edwin Encarnacion (60.0)
71.5%
Batter Salary (2017):
Matt Kemp (21.5)
71.4%
Batter Salary (total):
Matt Kemp (160.0)
71.4%
Batter Salary (2017):
Jayson Werth (21.6)
69.8%
Batter Salary (total):
Jayson Werth (126.0)
69.8%
Pitcher Salary (2017):
Ervin Santana (13.5)
69.5%
Pitcher Salary (total):
Ervin Santana (55.0)
69.5%
Batter Salary (2017):
Jacoby Ellsbury (21.1)
66.7%
Batter Salary (total):
Jacoby Ellsbury (153.0)
66.7%
Pitcher Salary (total):
Corey Kluber (38.5)
66.1%
Batter Salary (2017):
Russell Martin (20.0)
66.1%
Batter Salary (2017):
Alex Gordon (16.0)
66%
Batter Salary (total):
Alex Gordon (72.0)
66%
Pitcher Salary (2017):
Homer Bailey (19.0)
63.8%
Pitcher Salary (total):
Homer Bailey (105.0)
63.8%
Pitcher Salary (2017):
Andrew Miller (9.0)
62.3%
Batter Salary (total):
Troy Tulowitzki (157.8)
61.4%
Batter Salary (2017):
Brian McCann (17.0)
61.2%
Batter Salary (total):
Brian McCann (85.0)
61.2%
Pitcher Salary (2017):
Dallas Keuchel (9.2)
59.9%
Pitcher Salary (2017):
James Shields (10.0)
58%
Batter Salary (2017):
Wil Myers (4.5)
56.7%
Batter Salary (total):
Wil Myers (83.0)
56.7%
Pitcher Salary (total):
James Shields (75.0)
55.7%
Category:
Player(s):
% Correct
Pitcher Salary (2017):
Chris Archer (4.9)
55.3%
Pitcher Salary (2017):
R.A. Dickey (7.5)
54.9%
Pitcher Salary (2017):
Ubaldo Jimenez (13.5)
51.6%
Pitcher Salary (total):
Ubaldo Jimenez (50.0)
51.6%
Pitcher Salary (total):
Chris Archer (25.5)
49.6%
Batter Salary (total):
Tim Anderson (25.0)
49.6%
Pitcher Salary (2017):
Greg Holland (6.0)
48.1%
Batter Salary (2017):
Dexter Fowler (16.5)
46.8%
Batter Salary (total):
Dexter Fowler (82.5)
46.8%
Batter Salary (2017):
Shin-Soo Choo (20.0)
46.3%
Batter Salary (total):
Shin-Soo Choo (130.0)
46.3%
Pitcher Salary (total):
Jeurys Familia (7.4)
45.4%
Pitcher Salary (2017):
Jered Weaver (3.0)
45.3%
Pitcher Salary (total):
Jered Weaver (3.0)
45.3%
Pitcher Salary (2017):
Marco Estrada (14.5)
43.4%
Pitcher Salary (total):
Julio Teheran (32.4)
43.3%
Pitcher Salary (2017):
Wei-Yen Chen (11.6)
42.6%
Pitcher Salary (total):
Wei-Yen Chen (80.0)
42.6%
Pitcher Salary (total):
J.A. Happ (36.0)
42%
Pitcher Salary (2017):
Matt Garza (12.5)
36.4%
Pitcher Salary (total):
Matt Garza (50.0)
36.4%
Pitcher Salary (2017):
Ian Kennedy (13.5)
35.4%
Pitcher Salary (total):
Ian Kennedy (70.0)
35.4%
Batter Salary (2017):
Yasmany Tomas (9.5)
34.6%
Batter Salary (total):
Yasmany Tomas (68.5)
34.6%
Batter Salary (total):
Odubel Herrera (30.5)
34.6%
Pitcher Salary (2017):
Ivan Nova (7.7)
28.9%
Pitcher Salary (total):
Ivan Nova (26.0)
28.9%
Pitcher Salary (2017):
Ricky Nolasco (12.0)
28.5%
Pitcher Salary (total):
Ricky Nolasco (49.0)
28.5%
Batter Salary (2017):
Jed Lowrie (6.5)
26.7%
Batter Salary (total):
Jed Lowrie (23.0)
26.7%
Pitcher Salary (2017):
Jerry Blevins (5.5)
23.8%
Pitcher Salary (2017):
Santiago Casilla (5.0)
23.6%
Pitcher Salary (total):
Santiago Casilla (11.0)
23.6%
Pitcher Salary (total):
Luke Gregerson (18.5)
19.3%
Batter Salary (2017):
Howie Kendrick (10.0)
17.9%
Pitcher Salary (total):
Clay Buchholz (29.9)
15.8%
Pitcher Salary (2017):
Joaquin Benoit (7.5)
13.1%
Pitcher Salary (total):
Michael Dunn (19.0)
12.3%
Quiz Playlist
Details
Report
Send in Message
Add To Playlist
Classic:
Type in answers that appear in a list
Quiz Source
Last Updated: Aug 11, 2017
Quiz Scoreboard
CHALLENGE
Sign Up to Join the Scoreboard
Show All
Scores
Hide
Comments
May contain spoilers
Recently Published
Image Sorting: Flags VI
by Barbecue
Geography
2m
Find the 'City' Movie
by crazypaving
Movies
60s
Colored Red Africa Blitz
by spor1
Geography
45s
More to Explore
Quiz From the Vault
Featured Blog Post
14 Easter Pick-up Lines to Find Eggs With
hide this ad
You Might Also Like...
Tags
MLB Quiz
2017
Category
contract
highest
paid
Player
team
total
Today's Top Quizzes in Sports
Browse Sports
hide this ad
Today's Top Quizzes in MLB
Browse MLB
Top Contributed Quizzes in Sports
1
Les meilleurs buteurs des matchs entre le PSG et l’OM
2
Les entraîneurs de l'OM et du PSG au 21e siècle
3
Les joueurs passés par le PSG et l'OM
4
2022 World Cup Stars
5
Players with Multiple 50 Home Run Seasons
6
Criteria MLB: Left Handed Sluggers
7
Les joueurs passés par le LOSC et le RC Lens
8
NBA Logic Puzzle 2.0
9
MLB Players with Two .350 Batting Average Seasons
10
FIFA Club World Cup Champions
Explore More
Trending Topics
Harry Potter
Disney
Marvel
Crossword
Anime
Kpop
NBA
Song
Soccer
Country
Pokémon
Puzzle
WWE
NFL
The Office
hide this ad
More By:
jsnellerwm
Quiz
Plays
Rating
Category
Featured
Created
NBA Draft Class Top Scorers
67,425
4.87
Sports
Dec 28, 2016
NBA Playoff Point Leaders
52,160
4.77
Sports
Apr 25, 2017
30-Points in NBA Finals Decider
52,116
4.69
Sports
Jun 13, 2017
NBA Quickest to 500 Points
47,709
4.69
Sports
Jun 26, 2017
NBA: 1,000 Games, 75% Starts
42,204
4.70
Sports
Dec 27, 2016
Go to Creator's Profile
Score Distribution
Quiz Creator Spotlight
jsnellerwm
Follow
Send a Message
Quizzes Created
-
Created Quiz Play Count
-
More By This Creator
Popular Quizzes Today
1
Colored Red Africa Blitz
2
Find the US States - No Outlines Minefield
3
Find the 'City' Movie
4
5x2 Blitz: Bands
5
The Countries of the World
6
Find the US States
7
Find the Countries of Europe - No Outlines Minefield
8
US States
More Sports Quizzes
Missing Word: 'G' Baseball Hall of Famers
Curator's Pick
Trending Quizzes
Colored Red Europe Blitz I
Colored Red Europe Blitz II
Colored Red Africa Blitz II
Colored Red Europe Blitz III
Colored Red Africa Blitz III
Recently Updated
How Do You Spell That?
pecheneg
Godzilla Movies
pecheneg
Grab Bag: 4-10 Letters
pecheneg
2024 March Madness Bracket
pecheneg
Famous TV Couples
Peacemaker
Champions League XIs: Real Madrid
pecheneg
Largest US Cities 1790-2010
pecheneg
Rides in Walt Disney World
pecheneg
Most Oscar Losses (Acting)
pecheneg
Beyoncé Albums
pecheneg
Trending Topics
Crossword
Marvel
NBA
Anime
Kpop
Disney
Harry Potter
Song
WWE
Pokémon
Puzzle
Country
The Office
NFL
Soccer
Your Account Isn't Verified!
In order to create a playlist on Sporcle, you need to verify the email address you used during registration. Go to your
Sporcle Settings
to finish the process.
Report this User
Report this user for behavior that violates our
Community Guidelines
.
Details:
Send Report
Go to the Sporcle.com Mobile Site →
Comments